<?xml version="1.0" encoding="UTF-8"?>
<collection xmlns="http://www.loc.gov/MARC21/slim">
 <record>
  <leader>00936nam a2200229 a 4500</leader>
  <controlfield tag="008">090624s1998    mau           000 0 eng d</controlfield>
  <datafield tag="020" ind1=" " ind2=" ">
   <subfield code="a">0070300933 (book) </subfield>
  </datafield>
  <datafield tag="020" ind1=" " ind2=" ">
   <subfield code="a">9780070300934 (book) </subfield>
  </datafield>
  <datafield tag="082" ind1="0" ind2="4">
   <subfield code="a">302.25</subfield>
   <subfield code="2">21 </subfield>
  </datafield>
  <datafield tag="100" ind1="1" ind2=" ">
   <subfield code="a">Kreitner, Robert</subfield>
  </datafield>
  <datafield tag="245" ind1="1" ind2="0">
   <subfield code="a">Video cases to accompany Organizational behavior /</subfield>
   <subfield code="c">Robert Kreitner, Angelo Kinicki &amp; prepared by Karen Maher</subfield>
  </datafield>
  <datafield tag="250" ind1=" " ind2=" ">
   <subfield code="a">4th ed. </subfield>
  </datafield>
  <datafield tag="260" ind1=" " ind2=" ">
   <subfield code="a">Boston, Massachusetts :</subfield>
   <subfield code="b">Irwin McGraw-Hill,</subfield>
   <subfield code="c">c1998. </subfield>
  </datafield>
  <datafield tag="300" ind1=" " ind2=" ">
   <subfield code="a">iii, 49 p. :</subfield>
   <subfield code="c">26 cm. </subfield>
  </datafield>
  <datafield tag="541" ind1="1" ind2=" ">
   <subfield code="e">00007601</subfield>
  </datafield>
  <datafield tag="650" ind1=" " ind2="0">
   <subfield code="a">Organizational behavior. </subfield>
  </datafield>
  <datafield tag="650" ind1=" " ind2="0">
   <subfield code="a">Personnel management. </subfield>
  </datafield>
  <datafield tag="700" ind1="1" ind2=" ">
   <subfield code="a">Kinicki, Angelo.</subfield>
  </datafield>
  <datafield tag="700" ind1="1" ind2=" ">
   <subfield code="a">Maher, Karen. </subfield>
  </datafield>
  <datafield tag="852" ind1="4" ind2=" ">
   <subfield code="a">Ayesha Abed Library </subfield>
   <subfield code="j">General Shelf.</subfield>
  </datafield>
  <datafield tag="999" ind1=" " ind2=" ">
   <subfield code="c">1859</subfield>
   <subfield code="d">1859</subfield>
  </datafield>
  <datafield tag="952" ind1=" " ind2=" ">
   <subfield code="0">0</subfield>
   <subfield code="1">0</subfield>
   <subfield code="2">ddc</subfield>
   <subfield code="4">0</subfield>
   <subfield code="6">302_250000000000000_KRE</subfield>
   <subfield code="7">0</subfield>
   <subfield code="9">1702</subfield>
   <subfield code="a">BRACUL</subfield>
   <subfield code="b">BRACUL</subfield>
   <subfield code="c">GEN</subfield>
   <subfield code="d">2009-06-29</subfield>
   <subfield code="g">0.00</subfield>
   <subfield code="l">1</subfield>
   <subfield code="o">302.25 KRE</subfield>
   <subfield code="p">3010007601</subfield>
   <subfield code="r">2025-11-04</subfield>
   <subfield code="s">2025-10-29</subfield>
   <subfield code="t">1</subfield>
   <subfield code="w">2009-06-29</subfield>
   <subfield code="y">BK</subfield>
   <subfield code="x">No price found in the accession register.</subfield>
  </datafield>
 </record>
</collection>
